Ahsan-Ul-Qawaid (Record no. 7863)

MARC details
000 -LEADER
fixed length control field 00578nam a2200241 a 4500
020 ## - INTERNATIONAL STANDARD BOOK NUMBER
ISBN
082 00 - DEWEY DECIMAL CLASSIFICATION NUMBER
Classification number 491.44
Author Cutter NAJ
100 ## - MAIN ENTRY--AUTHOR NAME
Author name Najaf, Ali Khan
245 ## - TITLE STATEMENT
Title Ahsan-Ul-Qawaid
260 ## - PUBLICATION, DISTRIBUTION, ETC. (IMPRINT)
Place of publication Delhi
Name of publisher Matba Mujtaba
Year of publication 0000
300 ## - PHYSICAL DESCRIPTION
Number of Pages 224p
500 ## - GENERAL NOTE
General note includes index and biblioraphy
505 2# - FORMATTED CONTENTS NOTE
Formatted contents note Hebrew Grammar {New Testament}
650 ## - SUBJECT ADDED ENTRY--TOPICAL TERM
Topical Term Urdu-Grammar
942 ## - ADDED ENTRY ELEMENTS (KOHA)
Koha item type Books
700 1# -
-- Najaf, Ali Khan
Holdings
Collection code Home library Current library Date acquired Cost, normal purchase price Full call number Accession Number Koha item type
  Henry Martyn Institute Library Henry Martyn Institute Library 06/08/2007 100.00 491.44 NAJ 010429 Books
                   Copyright © 2026 | Henry Martyn Institute | Hyderabad | TS-500052 | INDIA | Implemented by hmi.edu.in
Hit-Count:

Powered by Koha